Paradas del Tranvía de Tenerife - Estadísticas

Estadísticas generales
  • Esta prueba ha sido intentada 572 veces
  • La puntuación promedio es 21 de 27
Estadísticas de respuestas
Respuesta % Correcto
Intercambiador
96%
La Trinidad
89%
Taco
89%
Weyler
89%
Hospital Universitario
87%
Hospital Universitario
87%
La Paz
84%
Teatro Guimerá
84%
Hospital La Candelaria
81%
Puente Zurita
81%
Campus Guajara
79%
Museo de la Ciencia
79%
Cruz del Señor
78%
Fundación
78%
Conservatorio
77%
Cruz de Piedra
74%
La Cuesta
74%
Las Mantecas
74%
Gracia
73%
Padre Anchieta
73%
Príncipes de España
70%
Chimisay
68%
El Cardonal
68%
El Cardonal
68%
Tíncer
66%
Ingenieros
48%
San Jerónimo
36%
No se encontraron pruebas coincidentes
Distribución de puntuación
Porcentaje de gente con cada puntuación
Porcentaje por número respondido
Historial de tus puntuaciones
No has intentado esta prueba.